Statistiques concernant Vainqueurs de la Coupe du monde de biathlon.

Cliquez ici pour prendre le quiz!

Statistiques générales

  • Ce quiz a été pris 891 fois
  • Le résultat moyen est 6 sur 21

Statistiques - réponses

AnnéePaysAthlète% Correct
2012 | 2013 | 2014 | 2015 | 2016 | 2017 | 2018Martin Fourcade
99%
2019 | 2020 | 2021 | 2023 | 2024Johannes Thingnes Bø
98%
2011Tarjei Bø
98%
2022Quentin Fillon-Maillet
95%
1998 | 2003 | 2005 | 2006 | 2008 | 2009Ole Einar Bjørndalen
51%
2000 | 2001 | 2002 | 2004Raphaël Poirée
50%
2010Emil Hegle Svendsen
36%
1988Fritz Fischer
13%
1997 | 1999Sven Fischer
13%
1994Patrice Bailly-Salins
10%
1978 | 1980 | 1981 |1982Frank Ullrich
8%
2007Michael Greis
7%
1984 | 1985 | 1987Frank-Peter Rötsch
3%
1992 | 1995Jon Åge Tyldum
3%
1979Klaus Siebert
3%
1993Mikael Löfgren
3%
1983Peter Angerer
3%
1990 | 1991Sergueï Tchepikov
3%
1996Vladimir Dratchev
3%
1986André Sehmisch
2%
1989Eirik Kvalfoss
2%

Distribution des résultats

Percentile par nombre de réponses

% des personnes avec chaque résultat

Votre développement - résultats

Vous n’avez pas pris ce quiz